00701 2200253 4500001002100000005001700021008004100038020002200079035002400101041000800125043001200133082001200145090002200157100001900179245010400198250001000302260003600312300002400348504001600372650000800388700001700396850001200413999002200425YOGYA-0511000000113420110520090149.0 ind  a978-979-3752-58-7 0010-051100000001133 aInd aYOPDYOG a297.382 aDEP 297.382 Pur D aPURNAWAN, Ayup aDoa - doa rahasia cepat kaya, murah rezeki, dan anti miskincAyup Purnawan;penyunting Trisnawan Hb. acet 1 aYogyakartabCitra Risalahc2010 a186 hlmc12 x 16 cm ahlm 187 188 aDoa aTrisnawan Hb aYOPDYOG aCB-D.11 2010-1415